[Event "IIFL Wealth  4th Mumbai Junior U-13"]
[Site "Mumbai"]
[Date "2019.01.02"]
[Round "4"]
[White "Shah Vrisha Parag"]
[Black "Athalye Varad"]
[Result "0-1"]
[WhiteElo "1240"]
[BlackElo "1442"]
[Annotator "NA"]
[PlyCount "110"]
[EventDate "2018.12.30"]
[EventType "swiss"]
[EventCountry "IND"]
[SourceTitle "playchess.com"]
[Source "ChessBase"]
[SourceQuality "1"]
[TimeControl "40/5400+30:1800+30"]

1. e4 {[%emt 0:00:00]} c5 {[%emt 0:00:00]} 2. Nf3 {[%emt 0:00:03]} e6 {[%emt 0:00:05]} 3. d4 {[%emt 0:00:14]} cxd4 {[%emt 0:00:06]} 4. Nxd4 {[%emt 0:00:15]} a6 {[%emt 0:00:03]} 5. c4 {[%emt 0:01:29]} Nf6 {[%emt 0:00:59]} 6. Bd3 {[%emt 0:02:57]} Qc7 {[%emt 0:00:23]} 7. Nc3 {[%emt 0:02:05]} Nc6 {[%emt 0:00:10]} 8. Nxc6 {[%emt 0:05:17]} bxc6 {[%emt 0:02:50]} 9. Be3 {[%emt 0:03:13]} Bb7 {[%emt 0:00:58]} 10. f3 {[%emt 0:08:52]} Be7 {[%emt 0:05:25]} 11. Qd2 {[%emt 0:04:52]} O-O {[%emt 0:02:10]} 12. Bf4 {[%emt 0:05:00]} e5 {[%emt 0:02:19]} 13. Bg5 {[%emt 0:00:28]} Rad8 {[%emt 0:00:43]} 14. Bxf6 {[%emt 0:01:18]} Bxf6 {[%emt 0:00:12]} 15. h4 {[%emt 0:00:36]} Kh8 {[%emt 0:01:38]} 16. g4 {[%emt 0:00:10]} d5 {[%emt 0:01:24]} 17. cxd5 {[%emt 0:03:59]} cxd5 {[%emt 0:00:28]} 18. g5 {[%emt 0:02:30]} Be7 {[%emt 0:01:27]} 19. Rc1 {[%emt 0:01:32]} Qd7 {[%emt 0:02:11]} 20. exd5 {[%emt 0:02:23]} Bxd5 {[%emt 0:02:18]} 21. Bxa6 {[%emt 0:00:35]} Bxf3 {[%emt 0:02:15]} 22. Qxd7 {[%emt 0:00:12]} Rxd7 {[%emt 0:00:05]} 23. Rf1 {[%emt 0:01:11]} e4 {[%emt 0:01:01]} 24. Be2 {[%emt 0:01:15]} h6 {[%emt 0:07:20]} 25. Bxf3 {[%emt 0:01:00]} exf3 {[%emt 0:00:02]} 26. Rxf3 {[%emt 0:00:37]} hxg5 {[%emt 0:00:03]} 27. hxg5 {[%emt 0:00:30]} Bxg5 {[%emt 0:00:01]} 28. Rc2 {[%emt 0:00:48]} Re8+ {[%emt 0:06:01]} 29. Kf1 {[%emt 0:02:54]} Kg8 {[%emt 0:03:09]} 30. Rf5 {[%emt 0:01:16]} Bf6 {[%emt 0:02:01]} 31. Nd5 {[%emt 0:01:41]} Bh4 {[%emt 0:06:58]} 32. Re2 {[%emt 0:03:29]} Rxe2 {[%emt 0:07:23]} 33. Kxe2 {[%emt 0:00:08]} g6 {[%emt 0:00:10]} 34. Nf6+ {[%emt 0:00:16]} Bxf6 {[%emt 0:00:02]} 35. Rxf6 {[%emt 0:00:11]} Rc7 {[%emt 0:00:46]} 36. Rd6 {[%emt 0:00:24]} g5 {[%emt 0:01:06]} 37. Kd2 {[%emt 0:00:25]} Kg7 {[%emt 0:00:34]} 38. a4 {[%emt 0:00:23]} g4 {[%emt 0:00:11]} 39. Rd4 {[%emt 0:00:09]} f5 {[%emt 0:00:11]} 40. b4 {[%emt 0:00:00]} Kg6 {[%emt 0:00:00]} 41. a5 {[%emt 0:00:32]} g3 {[%emt 0:02:02]} 42. Ke2 {[%emt 0:00:41]} Kg5 {[%emt 0:02:41]} 43. Kf3 {[%emt 0:00:27]} Rc3+ {[%emt 0:00:40]} 44. Kg2 {[%emt 0:00:31]} f4 {[%emt 0:01:08]} 45. Rd8 {[%emt 0:00:35]} Rb3 {[%emt 0:01:52]} 46. Rg8+ {[%emt 0:00:11]} Kf5 {[%emt 0:00:14]} 47. Rf8+ {[%emt 0:00:02]} Ke5 {[%emt 0:00:17]} 48. Re8+ {[%emt 0:00:22]} Kd6 {[%emt 0:00:29]} 49. Re4 {[%emt 0:00:15]} Rb2+ {[%emt 0:00:23]} 50. Kf1 {[%emt 0:03:00]} f3 {[%emt 0:01:03]} 51. Rd4+ {[%emt 0:00:19]} Ke5 {[%emt 0:00:37]} 52. Rd1 {[%emt 0:00:03]} Kf4 {[%emt 0:01:37]} 53. a6 {[%emt 0:00:33]} g2+ {[%emt 0:00:03]} 54. Kg1 {[%emt 0:00:11]} Kg3 {[%emt 0:00:03]} 55. a7 {[%emt 0:01:41]} f2# {[%emt 0:00:05] Rd8} 0-1

[Event "IIFL Wealth  4th Mumbai Junior U-13"]
[Site "Mumbai"]
[Date "2019.01.02"]
[Round "4"]
[White "Ananya Parikh"]
[Black "Singh, Arjun Kumar"]
[Result "0-1"]
[WhiteElo "1235"]
[BlackElo "1461"]
[Annotator "NA RC"]
[PlyCount "116"]
[EventDate "2018.12.30"]
[EventType "swiss"]
[EventCountry "IND"]
[SourceTitle "playchess.com"]
[Source "ChessBase"]
[SourceQuality "1"]
[TimeControl "40/5400+30:1800+30"]

1. e4 {[%emt 0:08:20]} c5 {[%emt 0:00:44]} 2. Ne2 {[%emt 0:00:05]} e6 {[%emt 0:00:10]} 3. d4 {[%emt 0:00:55]} cxd4 {[%emt 0:00:52]} 4. Nxd4 {[%emt 0:00:04]} a6 {[%emt 0:00:25]} 5. c4 {[%emt 0:00:33]} Qc7 {[%emt 0:02:25]} 6. a3 {[%emt 0:02:30]} Nf6 {[%emt 0:00:37]} 7. Nc3 {[%emt 0:00:24]} b6 {[%emt 0:01:16]} 8. Be3 {[%emt 0:04:24]} Bb7 {[%emt 0:04:47]} 9. Bd3 {[%emt 0:03:57]} Be7 {[%emt 0:02:18]} 10. O-O {[%emt 0:02:38]} d6 {[%emt 0:01:21]} 11. f4 {[%emt 0:04:08]} Nbd7 {[%emt 0:03:26]} 12. b4 {[%emt 0:05:52]} O-O {[%emt 0:01:14]} 13. Rc1 {[%emt 0:05:18]} Rac8 {[%emt 0:01:11]} 14. Qf3 {[%emt 0:02:46]} Nb8 {[%emt 0:04:22]} 15. f5 {[%emt 0:05:11]} Nc6 {[%emt 0:09:59]} 16. Nxc6 {[%emt 0:12:53]} Qxc6 {[%emt 0:01:48]} 17. Qg3 {[%emt 0:02:58]} Ne8 {[%emt 0:09:33]} 18. Qh3 {[%emt 0:12:15]} exf5 {[%emt 0:00:36]} 19. Rxf5 {[%emt 0:04:09]} g6 {[%emt 0:02:14]} 20. Rf3 {[%emt 0:01:10]} Qc7 {[%emt 0:02:38]} 21. Nd5 {[%emt 0:03:49]} Qd8 {[%emt 0:04:06]} 22. Bxb6 {[%emt 0:00:26]} Nc7 {[%emt 0:00:03]} 23. Nxc7 {[%emt 0:02:55]} Rxc7 {[%emt 0:00:09]} 24. Bxc7 {[%emt 0:03:10]} Qxc7 {[%emt 0:00:06]} 25. Qh6 {[%emt 0:00:38]} Bc8 {[%emt 0:02:02]} 26. Rcf1 {[%emt 0:02:44]} Qd8 {[%emt 0:00:30]} 27. Qe3 {[%emt 0:02:27]} Bg5 {[%emt 0:00:13]} 28. Qf2 {[%emt 0:00:28]} Qe7 {[%emt 0:00:28]} 29. h3 {[%emt 0:02:06]} Bb7 {[%emt 0:00:59]} 30. Re1 {[%emt 0:01:16]} Re8 {[%emt 0:00:49]} 31. g3 {[%emt 0:01:24]} f5 {[%emt 0:01:26]} 32. h4 {[%emt 0:01:48]} Bh6 {[%emt 0:00:24]} 33. Bc2 {[%emt 0:01:47]} fxe4 {[%emt 0:00:21]} 34. Rb3 {[%emt 0:00:33]} e3 {[%emt 0:00:31]} 35. Qe2 {[%emt 0:00:32]} Qe5 {[%emt 0:01:07]} 36. Kh2 {[%emt 0:00:34]} Rf8 {[%emt 0:00:13]} 37. Rxe3 {[%emt 0:00:49]} Qxe3 {[%emt 0:00:08]} 38. Qxe3 {[%emt 0:00:29]} Bxe3 {[%emt 0:00:04]} 39. Rxe3 {[%emt 0:00:32]} Rf2+ {[%emt 0:00:06]} 40. Kg1 {[%emt 0:00:00]} Rxc2 {[%emt 0:00:00]} 41. Re8+ {[%emt 0:01:52]} Kf7 {[%emt 0:00:26]} 42. Rb8 {[%emt 0:00:20]} Be4 {[%emt 0:00:26]} 43. Rb6 {[%emt 0:00:24]} Ke6 {[%emt 0:00:05]} 44. c5 {[%emt 0:00:39]} Rd2 {[%emt 0:01:19]} 45. Rxa6 {[%emt 0:01:05]} Ke5 {[%emt 0:00:20]} 46. c6 {[%emt 0:02:01]} Rc2 {[%emt 0:00:26]} 47. b5 {[%emt 0:00:28]} d5 {[%emt 0:01:29]} 48. b6 {[%emt 0:01:23]} Rxc6 {[%emt 0:00:08]} 49. b7 {[%emt 0:00:22]} Rc1+ {[%emt 0:00:05]} 50. Kf2 {[%emt 0:01:30]} Rb1 {[%emt 0:00:06]} 51. Ra7 {[%emt 0:03:44]} Rb2+ {[%emt 0:00:44]} 52. Ke1 {[%emt 0:00:23]} d4 {[%emt 0:00:13]} 53. a4 {[%emt 0:05:16]} d3 {[%emt 0:01:24]} 54. Ra5+ {[%emt 0:00:51]} Kd4 {[%emt 0:00:18]} 55. Rb5 {[%emt 0:07:15]} d2+ {[%emt 0:00:41]} 56. Kf2 {[%emt 0:01:03]} Rxb5 {[%emt 0:00:35]} 57. axb5 {[%emt 0:00:27]} Bxb7 {[%emt 0:00:05]} 58. Ke2 {[%emt 0:00:25]} Kc3 {[%emt 0:00:05]} 0-1

[Event "IIFL Wealth  4th Mumbai Junior U-13"]
[Site "Mumbai"]
[Date "2019.01.02"]
[Round "4"]
[White "Prakhar Chaturvedi"]
[Black "Swara Lakshmi S Nair"]
[Result "1/2-1/2"]
[WhiteElo "1235"]
[BlackElo "1415"]
[Annotator "NA RC"]
[PlyCount "107"]
[EventDate "2018.12.30"]
[EventType "swiss"]
[EventCountry "IND"]
[SourceTitle "playchess.com"]
[Source "ChessBase"]
[SourceQuality "1"]
[TimeControl "40/5400+30:1800+30"]

1. e4 {[%emt 0:00:00]} c5 {[%emt 0:00:46]} 2. Nc3 {[%emt 0:00:29]} Nc6 {[%emt 0:00:30]} 3. f4 {[%emt 0:01:12]} e6 {[%emt 0:04:07]} 4. Nf3 {[%emt 0:01:22]} Nge7 {[%emt 0:01:12]} 5. Bb5 {[%emt 0:00:53]} Nd4 {[%emt 0:00:30]} 6. d3 {[%emt 0:03:43]} g6 {[%emt 0:18:16]} 7. Be3 {[%emt 0:03:32]} Bg7 {[%emt 0:01:47]} 8. e5 {[%emt 0:01:12]} Qb6 {[%emt 0:10:40]} 9. a4 {[%emt 0:01:17]} Nef5 {[%emt 0:02:56]} 10. Bf2 {[%emt 0:03:03]} a6 {[%emt 0:09:09]} 11. a5 {[%emt 0:03:09]} Qc7 {[%emt 0:00:11]} 12. Bc4 {[%emt 0:00:30]} O-O {[%emt 0:02:24]} 13. Nxd4 {[%emt 0:23:30]} cxd4 {[%emt 0:00:51]} 14. Ne2 {[%emt 0:02:38]} d6 {[%emt 0:09:07]} 15. Nxd4 {[%emt 0:05:56]} dxe5 {[%emt 0:05:15]} 16. Nxf5 {[%emt 0:02:07]} exf5 {[%emt 0:00:09]} 17. fxe5 {[%emt 0:01:56]} Qxe5+ {[%emt 0:00:16]} 18. Qe2 {[%emt 0:00:17]} Qxe2+ 19. Kxe2 {[%emt 0:00:28]} Re8+ {[%emt 0:02:20]} 20. Kd1 {[%emt 0:01:22]} Be6 {[%emt 0:02:33]} 21. Bxe6 {[%emt 0:01:56]} Rxe6 {[%emt 0:00:08]} 22. c3 {[%emt 0:00:46]} Rae8 {[%emt 0:02:27]} 23. Re1 {[%emt 0:01:12]} h5 {[%emt 0:03:39]} 24. d4 {[%emt 0:02:54]} Rd8 {[%emt 0:04:47]} 25. Rxe6 {[%emt 0:02:21]} fxe6 {[%emt 0:00:06]} 26. Kc2 {[%emt 0:00:08]} e5 {[%emt 0:01:12]} 27. Rd1 {[%emt 0:01:10]} exd4 {[%emt 0:04:15]} 28. Bxd4 {[%emt 0:06:20]} Bxd4 {[%emt 0:01:04]} 29. Rxd4 {[%emt 0:00:09]} Rxd4 {[%emt 0:01:58]} 30. cxd4 {[%emt 0:00:01]} Kf7 {[%emt 0:00:17]} 31. Kd3 {[%emt 0:00:07]} Ke6 {[%emt 0:00:11]} 32. g3 {[%emt 0:00:29]} g5 {[%emt 0:07:08]} 33. Ke3 {[%emt 0:00:49]} Kd5 {[%emt 0:00:30]} 34. h4 {[%emt 0:00:21]} g4 {[%emt 0:01:39]} 35. Kf4 {[%emt 0:00:00]} Kxd4 {[%emt 0:00:40]} 36. Kxf5 {[%emt 0:01:17]} Kd3 {[%emt 0:00:21]} 37. Kg5 {[%emt 0:00:29]} Ke3 {[%emt 0:00:08]} 38. Kxh5 {[%emt 0:00:00]} Kf3 {[%emt 0:00:00]} 39. Kg5 {[%emt 0:00:00]} Kxg3 {[%emt 0:00:00]} 40. h5 {[%emt 0:00:00]} Kf3 {[%emt 0:00:00]} 41. h6 {[%emt 0:00:58]} g3 {[%emt 0:00:32]} 42. h7 {[%emt 0:00:05]} g2 {[%emt 0:00:04]} 43. h8=Q {[%emt 0:00:00]} g1=Q+ {[%emt 0:00:00]} 44. Kf5 {[%emt 0:00:00]} Qc1 {[%emt 0:01:18]} 45. Kg6 {[%emt 0:00:05]} Qc2+ {[%emt 0:01:17]} 46. Kg5 {[%emt 0:00:09]} Qd2+ {[%emt 0:01:03]} 47. Kg6 {[%emt 0:00:34]} Qd3+ {[%emt 0:00:31]} 48. Kg5 {[%emt 0:00:50]} Qe3+ {[%emt 0:00:17]} 49. Kg6 {[%emt 0:00:07]} Qe4+ {[%emt 0:00:45]} 50. Kf7 {[%emt 0:00:05]} Qd5+ {[%emt 0:00:36]} 51. Ke7 {[%emt 0:00:47]} Qc5+ {[%emt 0:02:15]} 52. Ke6 {[%emt 0:01:05]} Qxa5 {[%emt 0:01:11]} 53. Qh1+ {[%emt 0:00:11]} Ke3 {[%emt 0:00:40]} 54. Qc6 {[%emt 0:00:51] Kf3 [%clk 0:29:09] Qxf3 [%clk 1:02:22]} 1/2-1/2

[Event "IIFL Wealth  4th Mumbai Junior U-13"]
[Site "Mumbai"]
[Date "2019.01.02"]
[Round "4"]
[White "Bhagyashree G Patil"]
[Black "Shah Hiya"]
[Result "1-0"]
[WhiteElo "1215"]
[BlackElo "1039"]
[Annotator "NA RC"]
[PlyCount "121"]
[EventDate "2018.12.30"]
[EventType "swiss"]
[EventCountry "IND"]
[SourceTitle "playchess.com"]
[Source "ChessBase"]
[SourceQuality "1"]
[TimeControl "40/5400+30:1800+30"]

1. e4 {[%emt 0:02:25]} e5 {[%emt 0:00:00]} 2. Nf3 {[%emt 0:00:11]} Nc6 {[%emt 0:00:00]} 3. d4 {[%emt 0:00:09]} exd4 {[%emt 0:00:00]} 4. Nxd4 {[%emt 0:00:04]} Bc5 {[%emt 0:00:00]} 5. Nxc6 {[%emt 0:00:13]} Qf6 {[%emt 0:00:03]} 6. Qd2 {[%emt 0:01:32]} dxc6 {[%emt 0:00:10]} 7. Bd3 {[%emt 0:01:11]} Ne7 {[%emt 0:01:06]} 8. O-O {[%emt 0:03:05]} Ng6 {[%emt 0:01:39]} 9. a3 {[%emt 0:28:02]} O-O {[%emt 0:00:59]} 10. Nc3 {[%emt 0:18:40]} Ne5 {[%emt 0:01:02]} 11. h3 {[%emt 0:11:51]} Nxd3 {[%emt 0:00:27]} 12. Qxd3 {[%emt 0:00:27]} Be6 {[%emt 0:02:02]} 13. Be3 {[%emt 0:10:40]} Rad8 {[%emt 0:02:40]} 14. Qe2 {[%emt 0:01:06]} Bd6 {[%emt 0:01:07]} 15. f4 {[%emt 0:01:37]} Qe7 {[%emt 0:03:22]} 16. b4 {[%emt 0:06:39]} Qe8 {[%emt 0:04:14]} 17. e5 {[%emt 0:00:42]} Be7 {[%emt 0:00:30]} 18. f5 {[%emt 0:00:15]} Bd7 {[%emt 0:03:32]} 19. f6 {[%emt 0:02:36]} gxf6 {[%emt 0:01:36]} 20. Bh6 {[%emt 0:00:35]} Kh8 {[%emt 0:02:25]} 21. Bxf8 {[%emt 0:00:46]} Qxf8 {[%emt 0:00:16]} 22. exf6 {[%emt 0:01:39]} Bd6 {[%emt 0:00:33]} 23. Kh1 {[%emt 0:01:44]} Re8 {[%emt 0:06:56]} 24. Qd3 {[%emt 0:01:30]} Qg8 {[%emt 0:09:32]} 25. Ne4 {[%emt 0:02:54]} Be5 {[%emt 0:01:14]} 26. Rae1 {[%emt 0:00:43]} Be6 {[%emt 0:01:25]} 27. Nc5 {[%emt 0:00:54]} Bd5 {[%emt 0:03:14]} 28. Ne4 {[%emt 0:00:26]} Qg6 {[%emt 0:03:00]} 29. c4 {[%emt 0:00:54]} Rg8 {[%emt 0:01:52]} 30. Rf2 {[%emt 0:00:28]} Bg3 {[%emt 0:00:55]} 31. Qxg3 {[%emt 0:00:33]} Bxe4 {[%emt 0:01:22]} 32. Qxg6 {[%emt 0:00:10]} Bxg6 {[%emt 0:00:34]} 33. Re7 {[%emt 0:00:06]} Rf8 {[%emt 0:01:32]} 34. Rxc7 {[%emt 0:00:15]} Bd3 {[%emt 0:02:21]} 35. c5 {[%emt 0:00:16]} Ba6 {[%emt 0:01:35]} 36. a4 {[%emt 0:00:21]} h6 {[%emt 0:01:38]} 37. Rb2 {[%emt 0:00:09]} Bc4 {[%emt 0:00:47]} 38. Rxb7 {[%emt 0:00:14]} a6 {[%emt 0:01:26]} 39. Rd2 {[%emt 0:01:27]} Bd5 {[%emt 0:00:25]} 40. Ra7 {[%emt 0:00:00]} Bc4 {[%emt 0:00:00]} 41. Rd4 {[%emt 0:00:57]} Bd5 {[%emt 0:01:26]} 42. Rxa6 {[%emt 0:00:07]} Rg8 {[%emt 0:00:17]} 43. Rd2 {[%emt 0:00:14]} Rg6 {[%emt 0:01:39]} 44. Rb6 {[%emt 0:01:38]} Rg5 {[%emt 0:03:16]} 45. a5 {[%emt 0:00:24]} Rg8 {[%emt 0:00:27]} 46. a6 {[%emt 0:00:58]} Ra8 {[%emt 0:00:11]} 47. Rd1 {[%emt 0:02:19]} Bc4 {[%emt 0:02:11]} 48. Ra1 {[%emt 0:00:16]} Bb5 {[%emt 0:00:21]} 49. a7 {[%emt 0:00:08]} Kh7 {[%emt 0:00:10]} 50. Rb8 {[%emt 0:00:05]} Rxa7 {[%emt 0:00:33]} 51. Rxa7 {[%emt 0:00:07]} Kg6 {[%emt 0:00:24]} 52. Rxb5 {[%emt 0:00:10]} cxb5 {[%emt 0:00:09]} 53. c6 {[%emt 0:00:12]} Kxf6 {[%emt 0:00:15]} 54. c7 {[%emt 0:00:02]} Kg7 {[%emt 0:00:19]} 55. c8=Q {[%emt 0:00:09]} Kf6 {[%emt 0:00:23]} 56. Qc5 {[%emt 0:00:10]} Kg6 {[%emt 0:00:14]} 57. Ra6+ {[%emt 0:00:06]} Kg7 {[%emt 0:00:30]} 58. Qe5+ {[%emt 0:00:05]} Kh7 {[%emt 0:00:16]} 59. Qf6 {[%emt 0:00:13]} Kg8 {[%emt 0:00:14]} 60. Ra8+ {[%emt 0:00:02]} Kh7 {[%emt 0:00:11]} 61. Rh8# {[%emt 0:00:03]} 1-0

[Event "IIFL Wealth  4th Mumbai Junior U-13"]
[Site "Mumbai"]
[Date "2019.01.02"]
[Round "4"]
[White "Manusha, D M Nipun"]
[Black "Saukhya Savant"]
[Result "0-1"]
[WhiteElo "1214"]
[BlackElo "1122"]
[Annotator "NA"]
[PlyCount "118"]
[EventDate "2018.12.30"]
[EventType "swiss"]
[EventCountry "IND"]
[SourceTitle "playchess.com"]
[Source "ChessBase"]
[SourceQuality "1"]
[TimeControl "40/5400+30:1800+30"]

1. e4 e6 2. d4 d5 3. Nc3 dxe4 4. Nxe4 Nd7 5. Nf3 Ngf6 6. Ng3 b6 7. Bd3 Bb7 8. O-O c5 9. c3 h6 10. Re1 Bd6 11. Ne4 Bc7 12. Nxf6+ Qxf6 13. Be4 Rb8 14. d5 e5 15. c4 O-O 16. b3 Qd6 17. Bb2 f5 18. Bc2 e4 19. Nd2 Qxh2+ 20. Kf1 Qh1+ 21. Ke2 Qh5+ 22. Kf1 Qxd1 23. Raxd1 Nf6 24. f3 exf3 25. gxf3 g6 26. Kf2 Rbe8 27. Bxf6 Rxe1 28. Rxe1 Rxf6 29. Re7 Rf7 30. Re6 Kg7 31. d6 Rd7 32. Re7+ Rxe7 33. dxe7 Kf7 34. e8=Q+ Kxe8 35. Kg2 Kf7 36. Kh3 Bf4 37. Nb1 Bxf3 38. Nc3 Kf6 39. Bd1 Bxd1 40. Nxd1 Kg5 41. Nf2 h5 42. Kg2 Be3 43. a3 Bxf2 44. Kxf2 h4 45. b4 Kf4 46. bxc5 bxc5 47. a4 h3 48. a5 g5 49. a6 g4 50. Kg1 Ke4 51. Kf2 h2 52. Kg2 g3 53. Kh1 Kd4 54. Kg2 Kxc4 55. Kh1 Kb4 56. Kg2 c4 57. Kh1 c3 58. Kg2 c2 59. Kh1 c1=Q+ 0-1

[Event "IIFL Wealth  4th Mumbai Junior U-13"]
[Site "Mumbai"]
[Date "2019.01.02"]
[Round "4"]
[White "Vasudeva Varun"]
[Black "Kapadia Prisha"]
[Result "1/2-1/2"]
[WhiteElo "1209"]
[BlackElo "1037"]
[Annotator "NA"]
[PlyCount "65"]
[EventDate "2018.12.30"]
[EventType "swiss"]
[EventCountry "IND"]
[SourceTitle "playchess.com"]
[Source "ChessBase"]
[SourceQuality "1"]
[TimeControl "40/5400+30:1800+30"]

1. e4 {[%emt 0:15:26]} c5 {[%emt 0:00:00]} 2. Nf3 {[%emt 0:00:06]} e6 3. d4 {[%emt 0:00:05]} cxd4 {[%emt 0:00:00]} 4. Nxd4 {[%emt 0:00:05]} a6 {[%emt 0:00:11]} 5. Nc3 {[%emt 0:01:22]} Qc7 {[%emt 0:01:53]} 6. Be3 {[%emt 0:01:06]} Nf6 {[%emt 0:00:43]} 7. f3 {[%emt 0:03:24]} Be7 {[%emt 0:00:25]} 8. Bd3 {[%emt 0:01:32]} O-O {[%emt 0:00:32]} 9. Qd2 {[%emt 0:01:54]} Nc6 {[%emt 0:01:18]} 10. Nb3 {[%emt 0:02:02]} b5 {[%emt 0:01:49]} 11. Qf2 {[%emt 0:02:11]} d6 {[%emt 0:16:14]} 12. g4 {[%emt 0:01:48]} Bb7 {[%emt 0:07:54]} 13. h4 {[%emt 0:01:30]} Ne5 {[%emt 0:12:08]} 14. h5 {[%emt 0:01:20]} Rfe8 {[%emt 0:16:11]} 15. g5 {[%emt 0:00:43]} Nfd7 {[%emt 0:05:01]} 16. Qg3 {[%emt 0:01:20]} d5 {[%emt 0:08:03]} 17. Qg2 {[%emt 0:08:00]} Nxd3+ {[%emt 0:04:44]} 18. cxd3 {[%emt 0:00:55]} Ne5 {[%emt 0:00:48]} 19. Rd1 {[%emt 0:03:20]} Bb4 {[%emt 0:03:39]} 20. Bd4 {[%emt 0:03:22]} Rad8 {[%emt 0:03:20]} 21. a3 {[%emt 0:01:29]} Bxc3+ {[%emt 0:01:26]} 22. bxc3 {[%emt 0:01:08]} dxe4 {[%emt 0:01:41]} 23. fxe4 {[%emt 0:01:31]} Nc6 {[%emt 0:02:22]} 24. g6 {[%emt 0:00:46]} Nxd4 {[%emt 0:00:39]} 25. gxh7+ {[%emt 0:01:06]} Kxh7 {[%emt 0:00:42]} 26. cxd4 {[%emt 0:00:28]} Qc3+ {[%emt 0:01:04]} 27. Nd2 {[%emt 0:00:31]} Qxd4 {[%emt 0:01:12]} 28. Nb3 {[%emt 0:00:40]} Qc3+ {[%emt 0:00:11]} 29. Nd2 {[%emt 0:00:06]} Qd4 {[%emt 0:00:09]} 30. Nb3 {[%emt 0:00:15]} Qc3+ {[%emt 0:00:05]} 31. Nd2 {[%emt 0:00:04]} Qd4 {[%emt 0:00:05]} 32. Nb3 {[%emt 0:00:10]} Qc3+ {[%emt 0:00:04]} 33. Nd2 1/2-1/2

[Event "IIFL Wealth  4th Mumbai Junior U-13"]
[Site "Mumbai"]
[Date "2019.01.02"]
[Round "4"]
[White "Medhansh Rathi"]
[Black "Vihaan Dumir"]
[Result "1-0"]
[WhiteElo "1194"]
[BlackElo "1013"]
[Annotator "NA RC"]
[PlyCount "95"]
[EventDate "2018.12.30"]
[EventType "swiss"]
[EventCountry "IND"]
[SourceTitle "playchess.com"]
[Source "ChessBase"]
[SourceQuality "1"]
[TimeControl "40/5400+30:1800+30"]

1. e4 e6 2. d4 d5 3. Nc3 dxe4 4. Nxe4 Bd7 5. Nf3 Bc6 6. Bd3 Nd7 7. O-O Ngf6 8. Nxf6+ Nxf6 9. c3 Bxf3 10. Qxf3 c6 11. Bg5 Be7 12. Rad1 O-O 13. Bc2 Qd5 14. Qxd5 cxd5 15. h3 h6 16. Bf4 Rfd8 17. Rfe1 Bd6 18. Bh2 Rac8 19. Bd3 Bxh2+ 20. Kxh2 Nd7 21. Kg3 Kf8 22. Re3 Ke7 23. f4 Kf6 24. Rf1 a6 25. f5 e5 26. dxe5+ Nxe5 27. Kf4 Nd7 28. Kg3 Ne5 29. Kf4 Re8 30. g4 g6 31. fxg6 Nxg6+ 32. Bxg6 fxg6 33. Kg3+ Kg7 34. Rfe1 Kf7 35. Rxe8 Rxe8 36. Rxe8 Kxe8 37. Kf4 h5 38. gxh5 gxh5 39. Kg5 b6 40. Kxh5 b5 41. b4 Ke7 42. Kg5 Kf7 43. h4 Kg7 44. h5 Kg8 45. h6 Kf8 46. h7 Kg7 47. h8=Q+ Kxh8 48. Kf5 1-0

[Event "IIFL Wealth  4th Mumbai Junior U-13"]
[Site "Mumbai"]
[Date "2019.01.02"]
[Round "4"]
[White "Gosrani, Reeyan"]
[Black "Vittanala Shanmuk Saish"]
[Result "0-1"]
[WhiteElo "1190"]
[BlackElo "1005"]
[Annotator "NA"]
[PlyCount "51"]
[EventDate "2018.12.30"]
[EventType "swiss"]
[EventCountry "IND"]
[SourceTitle "playchess.com"]
[Source "ChessBase"]
[SourceQuality "1"]
[TimeControl "40/5400+30:1800+30"]

1. e4 {[%emt 0:00:00]} c5 {[%emt 0:00:16]} 2. Nf3 {[%emt 0:00:00]} d6 {[%emt 0:00:15]} 3. d4 {[%emt 0:00:01]} cxd4 {[%emt 0:00:30]} 4. Nxd4 {[%emt 0:00:08]} Nf6 {[%emt 0:00:20]} 5. Nc3 {[%emt 0:00:34]} a6 {[%emt 0:00:22]} 6. Be3 {[%emt 0:03:15]} e6 {[%emt 0:00:34]} 7. Bd3 {[%emt 0:00:55]} Be7 {[%emt 0:00:56]} 8. O-O {[%emt 0:07:46]} Nbd7 {[%emt 0:00:52]} 9. Qe2 {[%emt 0:01:08]} Qc7 {[%emt 0:02:59]} 10. Rad1 {[%emt 0:02:22]} O-O {[%emt 0:00:37]} 11. f4 {[%emt 0:01:39]} b5 {[%emt 0:06:36]} 12. Qf3 {[%emt 0:03:18]} Bb7 {[%emt 0:05:45]} 13. Qg3 {[%emt 0:06:37]} b4 {[%emt 0:06:20]} 14. Nce2 Nxe4 {[%emt 0:03:00]} 15. Bxe4 {[%emt 0:08:12]} Bxe4 {[%emt 0:05:36]} 16. f5 {[%emt 0:06:52]} e5 {[%emt 0:00:30]} 17. f6 {[%emt 0:08:27]} Bxf6 {[%emt 0:01:41]} 18. Rxf6 {[%emt 0:01:19]} Nxf6 {[%emt 0:02:27]} 19. Bh6 {[%emt 0:00:11]} Nh5 {[%emt 0:00:41]} 20. Qg4 {[%emt 0:02:22]} Bg6 {[%emt 0:01:14]} 21. Be3 {[%emt 0:03:06]} exd4 {[%emt 0:00:34]} 22. Nxd4 {[%emt 0:03:47]} Rfe8 {[%emt 0:04:14]} 23. Bf2 {[%emt 0:00:22]} Nf6 {[%emt 0:02:26]} 24. Qf4 {[%emt 0:00:40]} Re4 {[%emt 0:00:42]} 25. Qd2 {[%emt 0:00:09]} Nd5 {[%emt 0:03:55]} 26. Nf3 {[%emt 0:01:00]} 0-1